00622nam a2200217 a 450000100060000000300080000600500170001400800460003103500190007704000260009604100080012208200190013010000520014924500550020125000110025626000460026730000330031350400290034650400190037565000100039430525BD-RjUL20211209051557.0140410s1961 1950 enka b 001 0 eng d a(BD-RjUL)30611 aBD-RjULbengcBD-RjUL aeng a160bSTM 19611 aStebbing, L. Susanq(Lizzie Susan),d1885-1943.12aA modern introduction to logic /cby L.S. Stebbing a7th ed aLondon :bMethuen,c1950 [Reprinted 1961] axxi, 525 p. :bill. ;c23 cm aBibliography: p. 512-514 aIncludes index 0aLogic